000
00186 a2200097 4500
020
_a
9780670836635
041
_a
eng
100
_a
Impey,Rose
245
_a
My Mom and our dad
942
_c
BK
999
_c
31503
_d
31501